Vista normal Vista MARC

Entrada Topical Term

Número de registros utilizados en: 1

001 - CONTROL NUMBER

  • control field: 37820

003 - CONTROL NUMBER IDENTIFIER

  • control field: OSt

005 - DATE AND TIME OF LATEST TRANSACTION

  • control field: 20210524124952.0

008 - FIXED-LENGTH DATA ELEMENTS

  • fixed length control field: 210524|| aca||aabn | a|a d

040 ## - CATALOGING SOURCE

  • Original cataloging agency: OSt
  • Transcribing agency: OSt

150 ## - HEADING--TOPICAL TERM

  • Topical term or geographic name entry element: Industrias del cine

670 ## - SOURCE DATA FOUND

  • Source citation: Work cat.: (OSt)11776: Colombian Film Commission 10636, Colombia, a World of discoveries production guide / , 2011.